|
|
|
|
| LEADER |
01330nam a2200241 i 4500 |
| 001 |
GR-MES1050 |
| 003 |
GR-PaULI |
| 005 |
20240716124249.0 |
| 008 |
991111s1972 gr g 000 0 gre d |
| 040 |
|
|
|a GrPaTEI
|b gre
|c GR-PaULI
|d AACR2
|
| 082 |
0 |
4 |
|a 659.1
|2 23
|
| 100 |
1 |
|
|9 9952
|a Ζευγαρίδης, Σπύρος
|e συγγραφέας.
|
| 245 |
0 |
3 |
|a Τα διαφημιστικά μέσα :
|b κριτήρια επιλογής και αποδοτικότητος /
|c Σπ. Κ. Ζευγαρίδη.
|
| 260 |
|
|
|a Αθήνα :
|b Ελληνικός Οργανισμός Μάρκετινγκ,
|c 1972.
|
| 300 |
|
|
|a 109 σ. ;
|c 21 εκ.
|
| 490 |
0 |
|
|a Βιβλιοθήκη Μάρκετινγκ ;
|v 1
|
| 504 |
|
|
|a Περιλαμβάνει βιβλιογραφικές παραπομπές.
|
| 650 |
|
4 |
|a Διαφήμιση
|9 20386
|
| 942 |
|
|
|2 ddc
|c BK
|
| 952 |
|
|
|0 0
|1 0
|2 ddc
|4 0
|6 659_100000000000000_ΖΕΥ
|7 0
|9 264884
|a MSLG
|b MSLG
|c BSC
|d 2021-01-17
|e 24
|f 0
|g 0.00
|i 4889
|l 0
|o 659.1 ΖΕΥ
|p 2420000004889
|r 2021-01-17 00:00:00
|t 1
|w 2021-01-17
|y BK15
|x 19991111 0 1
|x GrPaTEI
|
| 952 |
|
|
|0 0
|1 0
|2 ddc
|4 0
|6 659_100000000000000_ΖΕΥ
|7 0
|9 264885
|a MSLG
|b MSLG
|c BSC
|d 2021-01-17
|e 24
|f 0
|g 0.00
|i 10429
|l 0
|o 659.1 ΖΕΥ
|p 2420000010429
|r 2021-01-17 00:00:00
|t 2
|w 2021-01-17
|y BK15
|x 20010319 0 1
|x GrPaTEI
|
| 998 |
|
|
|c ΑΔΑΜΟΠΟΥΛΟΥ
|d 2024-07
|
| 999 |
|
|
|c 152333
|d 152333
|